Evaluation of credit risks using socioeconomic and demographic characteristics : an empirical study of credit cardholders in West Malaysia /
محفوظ في:
| المؤلف الرئيسي: | |
|---|---|
| التنسيق: | أطروحة كتاب |
| اللغة: | English |
| منشور في: |
1985.
|
| الموضوعات: | |
| الوسوم: |
إضافة وسم
لا توجد وسوم, كن أول من يضع وسما على هذه التسجيلة!
|
| LEADER | 01216cam a2200313 4500 | ||
|---|---|---|---|
| 001 | u48120 | ||
| 003 | SIRSI | ||
| 008 | 860215s1985 my mt 0 1 eng | ||
| 015 | |a X850012626 | ||
| 035 | |a AAF-1796 | ||
| 040 | |a UMM |d UME | ||
| 043 | |a a-my--- | ||
| 050 | 0 | |a HG3756.M4 | |
| 090 | 0 | 0 | |a HG3756 |b M4Lee |d Closed stacks |
| 091 | 0 | 0 | |a Microfiche 9427 |
| 099 | |a HF1008 |b UM 1985 Lee | ||
| 100 | 1 | 0 | |a Lee, Yim Leng. |
| 245 | 1 | 0 | |a Evaluation of credit risks using socioeconomic and demographic characteristics : |b an empirical study of credit cardholders in West Malaysia / |c by Lee Yim Leng. |
| 260 | |c 1985. | ||
| 300 | |a viii, 115 leaves : |b ill. ; |c 30cm. | ||
| 500 | |a Also available on microfiche. Kuala Lumpur : Perpustakaan University Malaya, 1985. 3 microfiches : negative ; 11x15cm | ||
| 502 | |a Dissertation (M.B.A.) -- Fakulti Ekonomi dan Pentadbiran, Universiti Malaya, 1985. | ||
| 504 | 0 | 0 | |a Bibliography: leaves 113-115 |
| 650 | 0 | |a Credit cards |z Malaysia. | |
| 650 | 0 | |a Consumer credit. |z Malaysia. | |
| 650 | 0 | |a Bank credit cards |z Malaysia. | |
| 948 | |a 16/03/1991 |b 26/07/2002 | ||
| 596 | |a 1 | ||
| 999 | |a HG3756 M4LEE |w LC |c 1 |i A002703104 |d 16/3/2008 |e 16/3/2008 |l STACKS |m P01UTAMA |n 31 |r Y |s Y |t TESIS |u 18/10/1991 | ||
